Summary of Doctoral theses/ (Record no. 11807)

MARC details
000 -LEADER
fixed length control field 00638nam a22002057a 4500
005 - DATE AND TIME OF LATEST TRANSACTION
control field 20260515115022.0
008 - FIXED-LENGTH DATA ELEMENTS--GENERAL INFORMATION
fixed length control field 240520b |||||||| |||| 00| 0 eng d
020 ## - INTERNATIONAL STANDARD BOOK NUMBER
International Standard Book Number 9789384900069
040 ## - CATALOGING SOURCE
Original cataloging agency IN-DiNC
Transcribing agency IN-DiNC
041 ## - LANGUAGE CODE
Language code of sung or spoken text eng
082 ## - DEWEY DECIMAL CLASSIFICATION NUMBER
Classification number 011.75
Item number SUM
245 ## - TITLE STATEMENT
Title Summary of Doctoral theses/
Statement of responsibility, etc. ed. by Basanta Mangal Dutta and Jayanta Boiragi
250 ## - EDITION STATEMENT
Remainder of edition statement V. 10
260 ## - PUBLICATION, DISTRIBUTION, ETC.
Place of publication, distribution, etc. Guwahati:
Name of publisher, distributor, etc. Assam College Teachers Association,
Date of publication, distribution, etc. 2024.
300 ## - PHYSICAL DESCRIPTION
Extent 283p.
650 ## - SUBJECT ADDED ENTRY--TOPICAL TERM
Topical term or geographic name entry element Abstract of the theses of the college teachers of Assam
700 ## - ADDED ENTRY--PERSONAL NAME
Personal name Dutta, Basanta Mangal
Relator term Editor
700 ## - ADDED ENTRY--PERSONAL NAME
Personal name Boiragi, Jayanta
Relator term Editor
942 ## - ADDED ENTRY ELEMENTS (KOHA)
Source of classification or shelving scheme Dewey Decimal Classification
Koha item type Books
Holdings
Withdrawn status Lost status Source of classification or shelving scheme Damaged status Not for loan Collection Home library Current library Shelving location Date acquired Cost, normal purchase price Total checkouts Full call number Barcode Date last seen Copy number Price effective from Koha item type
    Dewey Decimal Classification     Reference Naharkatiya College Library Naharkatiya College Library General stacks 05/20/2024 500.00   011.75 SUM 29984 05/20/2024 1 05/20/2024 Books